000 00654nam a22002537a 4500
003 UA-OsUOA
001 29908
007 ta
008 20041101b un ||||| |||| 00| 0 ukr d
100 _aКун Н.А.
090 _a292
_bК91
942 _cBK
040 _aUA-OsUOA
_brus
_cUA-OsUOA
_dUA-OsUOA
245 _aЛегенды и мифы древней Греции
_bПособие для учителей
300 _a463 с.
_bІлюстрації
955 _a0
041 _arus
080 _a292
260 _aМосква
_bПросвещение
_c1975
044 _aRU
250 _n5-е изд.
650 7 _2UDC
999 _c316308
_d316308